000 00727nam a2200241 i 4500
003 DO-SdBNP
005 20250307073709.0
007 ta
008 100316s1967 ag 000 spa d
040 _aDO-SdBNP
_bspa
_cBNPHU
_erda
082 4 _222
245 1 0 _aGramática castellana :
_bsegundo curso /
_cAmado Alonso, Pedro Henríquez Ureña
250 _a22a. ed.
264 _aBuenos Aires, Argentina :
_bLosada,
_c1967.
300 _a240 páginas ;
_c21 cm.
336 _2rdacontent
_atexto
_btxt
337 _2rdamedia
_asin mediación
_bn
338 _2rdacarrier
_avolumen
_bnc
590 _aInventariado, 2024/BT
700 1 _aHenríquez Ureña, Pedro,
_d1884-1946
_91718
910 _aBtavárez
942 _2ddc
_cLBS1
999 _c16557
_d16557